000 00557nam a2200217Ia 4500
005 20250425161412.0
008 250425s9999 xx 000 0 und d
020 _a0135974682
041 _aeng
082 _a622.3380184
100 _aCRICHLOW, HENRY B.
245 0 _aMODERN RESERVOIR ENGINEERING: A SIMULATION APPROACH
250 _aS.E.
260 _aENGLEWOOD
260 _aEstados Unidos
_bPRENTICE HALL
_c1977
300 _a354
650 _aINGENIERIA DE RESERVORIOS
650 _aINGENIERIA PETROLERA
942 _c01
010 _a19477
999 _c208501
_d208501